000 01720 a2200421 4500
502 _aThèse pour l'obtention du Diplôme d'Ingénieur Agronome
260 _aAbomey-Calavi
653 1 _aEconomie, Socio-Anthropologie et Communication
100 _aMIDINGOYI, Gnonna Soul-Kifouly
041 _bFr.
260 _bFSA/UAC
300 _aXVIII-127 p.
245 _aEvaluation économique des technologies d'intensification de la production rizicole : cas du système bas-fonds dans les villages de Gome et Gankpetin (communes de Glazoué et de Dassa-Zoumè au centre-Bénin
650 _aTECHNOLOGIE
650 _aINTENSIFICATION
650 _aRIZ
650 _aPRODUCTION RIZICOLE
650 _aBAS-FOND
650 _aSYSTEME BAS-FOND
650 _aEVALUATION ECONOMIQUE
650 _aRENTABILITE
650 _aRENDEMENT
650 _aANALYSE DES COUTS
260 _c17 décembre 2003
300 _b29 cm
130 _lFr.
710 _aAbomey-Calavi, Université d'Abomey-Calavi, Faculté des Sciences Agronomiques, Bj
040 _aSupport
651 _aGOME
651 _aGANKPETIN
041 _bFr.
041 _bEn.
653 1 _aEconomie, Socio-Anthropologie et Communication
100 _uAbomey-Calavi, Université d'Abomey-Calavi, Faculté des Sciences Agronomiques, Bj
651 _aBENIN
520 _aLe riz est une denrée qui prend une importance grandissante dans la structure de consommation des ménages aussi bien urbains que ruraux. La consommation et la production ont évolué dans le temps et montrent un déficit qui est resté croissant et qui oblige à un recours impératif aux importations. Ces importations jouent deux rôles : ...
999 _c31634
_d31634